Report on India's administrative system: comments and reactions (Record no. 490752)

000 -LEADER
fixed length control field 00471cam a22001577a 4500
008 - FIXED-LENGTH DATA ELEMENTS--GENERAL INFORMATION
fixed length control field 180718b1956 xxu||||| |||| 00| 0 eng d
082 ## - DEWEY DECIMAL CLASSIFICATION NUMBER
Classification number B3x54 In2A
100 ## - MAIN ENTRY--PERSONAL NAME
Personal name Appleby, Paul H.
245 ## - TITLE STATEMENT
Title Report on India's administrative system: comments and reactions
Statement of responsibility, etc. by Paul H. Appleby
260 ## - PUBLICATION, DISTRIBUTION, ETC.
Place of publication, distribution, etc. New Delhi
Name of publisher, distributor, etc. Lok Sabha Secretariat
Date of publication, distribution, etc. 1956
300 ## - PHYSICAL DESCRIPTION
Extent 55p.
650 ## - SUBJECT ADDED ENTRY--TOPICAL TERM
Topical term or geographic name entry element
650 ## - SUBJECT ADDED ENTRY--TOPICAL TERM
Topical term or geographic name entry element Written Off
650 ## - SUBJECT ADDED ENTRY--TOPICAL TERM
Topical term or geographic name entry element (25024-Written Off)
700 ## - ADDED ENTRY--PERSONAL NAME
Personal name India. Lok Sabha Secretariat
Holdings
Withdrawn status Lost status Source of classification or shelving scheme Damaged status Not for loan Permanent Location Current Location Date acquired Full call number Barcode Date last seen Price effective from Koha item type
Withdrawn         Indian Institute of Public Administration Indian Institute of Public Administration 2018-08-04 B3x54 In2A (Write off ) GG25024 2018-08-04 2018-08-04 GG
          Indian Institute of Public Administration Indian Institute of Public Administration 2018-08-04 B3x54 In2A GG25023 2018-08-04 2018-08-04 GG
          Indian Institute of Public Administration Indian Institute of Public Administration 2018-08-04 B3x54 In2A GG25022 2018-08-04 2018-08-04 GG

Powered by Koha